Redacción Avanzada, un enfoque lingüístico
| Main Author: | |
|---|---|
| Format: | Section = Libro |
| Language: | Undetermined Spanish |
| Published: |
México
Pearson Educación
2003
|
| Edition: | 3a ed. |
| Subjects: |
| LEADER | 00558nam a2200205Ia 4500 | ||
|---|---|---|---|
| 008 | 240830s9999 xx 000 0 und d | ||
| 020 | |a 970-26-0482-6 | ||
| 040 | |a B-ESTELÍ- RUACS / 418 Ch512 | ||
| 041 | |a spa | ||
| 082 | |a 418 Ch512 | ||
| 100 | 1 | |a Chávez Pérez, Fidel | |
| 245 | 1 | 0 | |a Redacción Avanzada, un enfoque lingüístico |
| 250 | |a 3a ed. | ||
| 260 | |a México |b Pearson Educación |c 2003 | ||
| 300 | |a 360 p:il | ||
| 650 | 7 | |a REDACCION AVANZADA | |
| 650 | 7 | |b ESPAÑOL-LENGUA Y LITERATURA I | |
| 942 | |c BK |2 ddc | ||
| 991 | |a TEXTO | ||
| 999 | |c 10861 | ||